সংসদে বঙ্গবন্ধু / (Record no. 7032)
[ view plain ]
| 000 -LEADER | |
|---|---|
| fixed length control field | 00860nam a22002057a 4500 |
| 003 - CONTROL NUMBER IDENTIFIER | |
| control field | BUBTL |
| 008 - FIXED-LENGTH DATA ELEMENTS--GENERAL INFORMATION | |
| fixed length control field | 230503b ||||| |||| 00| 0 eng d |
| 020 ## - INTERNATIONAL STANDARD BOOK NUMBER | |
| International Standard Book Number | 9847021401680 |
| 082 ## - DEWEY DECIMAL CLASSIFICATION NUMBER | |
| Classification number | 954.915/ Sa581/ 2022 |
| 245 ## - TITLE STATEMENT | |
| Title | সংসদে বঙ্গবন্ধু / |
| Statement of responsibility, etc. | মুজিববর্ষ-২০২০ বাংলাদেশ জাতীয় কমিটি |
| 250 ## - EDITION STATEMENT | |
| Edition statement | 1st Edn |
| 260 ## - PUBLICATION, DISTRIBUTION, ETC. (IMPRINT) | |
| Place of publication, distribution, etc. | Dhaka: |
| Name of publisher, distributor, etc. | Hakkani Publishers, |
| Date of publication, distribution, etc. | c2022 |
| 300 ## - PHYSICAL DESCRIPTION | |
| Extent | 367 p.: |
| Other physical details | ills.; |
| Dimensions | 28 cm. |
| 505 ## - FORMATTED CONTENTS NOTE | |
| Formatted contents note | সংসদে বঙ্গবন্ধু, মুজিববর্ষ-২০২০ বাংলাদেশ জাতীয় কমিটি, বঙ্গবন্ধু |
| 650 #0 - SUBJECT ADDED ENTRY--TOPICAL TERM | |
| 9 (RLIN) | 3573 |
| Topical term or geographic name as entry element | বঙ্গবন্ধু |
| 650 #0 - SUBJECT ADDED ENTRY--TOPICAL TERM | |
| 9 (RLIN) | 4372 |
| Topical term or geographic name as entry element | Bangabandhu |
| 856 ## - ELECTRONIC LOCATION AND ACCESS | |
| Password | 0 |
| Logon | 0 |
| Link text | Download |
| 942 ## - ADDED ENTRY ELEMENTS (KOHA) | |
| Source of classification or shelving scheme | |
| Koha item type | Books |
| Withdrawn status | Lost status | Source of classification or shelving scheme | Damaged status | Not for loan | Collection code | Permanent location | Current location | Shelving location | Date acquired | Source of acquisition | Inventory number | Total Checkouts | Full call number | Barcode | Date last seen | Copy number | Price effective from | Koha item type |
|---|---|---|---|---|---|---|---|---|---|---|---|---|---|---|---|---|---|---|
| Non-fiction | Bangladesh University of Business and Technology Library | Bangladesh University of Business and Technology Library | Historical Books | 04/30/2023 | Purchase | 29437 | 954.915/ Sa581/ 2022 | BUBTL-200329437 | 05/03/2023 | C-1 | 05/03/2023 | Books | ||||||
| Non-fiction | Bangladesh University of Business and Technology Library | Bangladesh University of Business and Technology Library | Historical Books | 04/30/2023 | Purchase | 29438 | 954.915/ Sa581/ 2022 | BUBTL-200329438 | 05/03/2023 | C-2 | 05/03/2023 | Books | ||||||
| Non-fiction | Bangladesh University of Business and Technology Library | Bangladesh University of Business and Technology Library | Historical Books | 04/30/2023 | Purchase | 29439 | 954.915/ Sa581/ 2022 | BUBTL-200329439 | 05/03/2023 | C-3 | 05/03/2023 | Books | ||||||
| Non-fiction | Bangladesh University of Business and Technology Library | Bangladesh University of Business and Technology Library | Historical Books | 04/30/2023 | Purchase | 29440 | 954.915/ Sa581/ 2022 | BUBTL-200329440 | 05/03/2023 | C-4 | 05/03/2023 | Books | ||||||
| Non-fiction | Bangladesh University of Business and Technology Library | Bangladesh University of Business and Technology Library | Historical Books | 04/30/2023 | Purchase | 29441 | 954.915/ Sa581/ 2022 | BUBTL-200329441 | 05/03/2023 | C-5 | 05/03/2023 | Books |
